Clinical significance of sodium-dependent lithium transport in affective psychoses

The steady state red blood cell/plasma lithium (Li) ratios were determined simultaneously with the in vitro rates of sodium-dependent Li transport of erythrocytes during prophylactic Li therapy in 30 unipolar, 52 bipolar forms of manic-depressive patients and in 58 nonmanic-depressive psychiatric pa...

Teljes leírás

Elmentve itt :
Bibliográfiai részletek
Szerzők: Szentistványi I.
Janka Zoltán
Szilárd J.
Dokumentumtípus: Cikk
Megjelent: 1980
Sorozat:PSYCHIATRICA CLINICA-BASEL 13 No. 1
Tárgyszavak:
mtmt:1312148
Online Access:http://publicatio.bibl.u-szeged.hu/33713
LEADER 01537nab a2200229 i 4500
001 publ33713
005 20250529145350.0
008 250529s1980 hu o 000 eng d
022 |a 0033-264X 
024 7 |a 1312148  |2 mtmt 
040 |a SZTE Publicatio Repozitórium  |b hun 
041 |a eng 
100 1 |a Szentistványi I. 
245 1 0 |a Clinical significance of sodium-dependent lithium transport in affective psychoses  |h [elektronikus dokumentum] /  |c  Szentistványi I. 
260 |c 1980 
300 |a 57-64 
490 0 |a PSYCHIATRICA CLINICA-BASEL  |v 13 No. 1 
520 3 |a The steady state red blood cell/plasma lithium (Li) ratios were determined simultaneously with the in vitro rates of sodium-dependent Li transport of erythrocytes during prophylactic Li therapy in 30 unipolar, 52 bipolar forms of manic-depressive patients and in 58 nonmanic-depressive psychiatric patients as a control group. A reciprocal correlation was found between the Li ratios and the values of Na-dependent Li transport. These transport rates were in positive correlation with the steady state Li contents of red blood cells and that of the plasma. Significant differences were revealed between the different nosologic subgroups in the respect of in vitro rates of Na-dependent Li countertransport. Results are discussed in the light of clinical and pharmacogenetic aspects. 
650 4 |a Klinikai orvostan 
700 0 1 |a Janka Zoltán  |e aut 
700 0 1 |a Szilárd J.  |e aut 
856 4 0 |u http://publicatio.bibl.u-szeged.hu/33713/1/aok_klny_800_80.pdf  |z Dokumentum-elérés